Aplicación de la cartografía geomorfológica detallada al estudio de las vertientes /
Guardado en:
| Autor Principal: | |
|---|---|
| Otros Autores: | , |
| Formato: | Libro |
| Idioma: | Spanish |
| Publicado: |
Bahía Blanca :
Universidad Nacional del Sur,
1966.
|
| Etiquetas: |
Agregar Etiqueta
Sin Etiquetas, Sea el primero en etiquetar este registro!
|
| LEADER | 00687nam a22001935a 4500 | ||
|---|---|---|---|
| 001 | EUN.um023321 | ||
| 003 | AR-BaUNS | ||
| 005 | 20050623122901.0 | ||
| 008 | 041125s1966####ag############000#0#spa#d | ||
| 245 | 1 | 0 | |a Aplicación de la cartografía geomorfológica detallada al estudio de las vertientes / |c L. Ottmann, J. Tricart, A. P. Calmels. |
| 260 | |a Bahía Blanca : |b Universidad Nacional del Sur, |c 1966. | ||
| 300 | |a 35 p. | ||
| 100 | 1 | |a Ottmann, L. | |
| 700 | 1 | |a Tricart, J. | |
| 700 | 1 | |a Calmels, A. P. |e traducción. | |
| 082 | 0 | 4 | |a 551.4 |
| 082 | 0 | 4 | |a 526.8 |
| 859 | |a Ar-BaUNS |b BIB. CENTRAL - Sector C |h 551.4 |i Ot8 |p 107397/997 | ||
| 859 | |a Ar-BaUNS |b BIB. CENTRAL - Sector C |h 551.4 |i Ot8 |p D914/966 |t Ej.2 | ||
